Nationalisations in India, 1947-1980: a study in policy option (Record no. 492369)

000 -LEADER
fixed length control field 00420cam a22001217a 4500
008 - FIXED-LENGTH DATA ELEMENTS--GENERAL INFORMATION
fixed length control field 180718b1985 xxu||||| |||| 00| 0 eng d
082 ## - DEWEY DECIMAL CLASSIFICATION NUMBER
Classification number PROJ.REP. 1985/KAB
100 ## - MAIN ENTRY--PERSONAL NAME
Personal name Kabra, Kamal Nayan
245 ## - TITLE STATEMENT
Title Nationalisations in India, 1947-1980: a study in policy option
Statement of responsibility, etc. by Kamal Nayan Kabra
260 ## - PUBLICATION, DISTRIBUTION, ETC.
Place of publication, distribution, etc. New Delhi
Name of publisher, distributor, etc. Indian Institute of Public Administration
Date of publication, distribution, etc. 1985
300 ## - PHYSICAL DESCRIPTION
Extent v.p.
440 ## - SERIES STATEMENT/ADDED ENTRY--TITLE
Title IIPA Working Paper, 1985: 1
Holdings
Withdrawn status Lost status Damaged status Not for loan Permanent Location Current Location Date acquired Full call number Barcode Date last seen Price effective from Koha item type
        Indian Institute of Public Administration Indian Institute of Public Administration 2018-08-04 PROJ.REP. 1985/KAB GR16232 2018-08-04 2018-08-04 GR

Powered by Koha